Ley general de cooperativas: texto actualizado a junio de 1975 con las modificaciones del decreto ley N§ 445 del 9 de mayo de 1974 y de los decretos leyes N§ 824 y N§ 825 de 1974 y 831 de 1975

Furkejuvvon:
Bibliográfalaš dieđut
Searvvušdahkki: Instituto Chileno de Educación Cooperativa (Dahkki)
Materiálatiipa: Girji
Giella:espánnjágiella
Almmustuhtton: Santiago ICECOOP 1975
Ráidu:Derecho y Legislación Cooperativa
Fáttát:
Fáddágilkorat: Lasit fáddágilkoriid
Eai fáddágilkorat, Lasit vuosttaš fáddágilkora!

MARC

LEADER 00000nam a2200000 a 4500
001 UCI6060
003 CL-VaPUC
008 080418e19750000CL |||||||||||||||||spa|d
082 0 4 |a 346.0668  |b INS  |2 21 
110 2 |a Instituto Chileno de Educación Cooperativa  |e author  |9 528772 
245 1 0 |a Ley general de cooperativas: texto actualizado a junio de 1975 con las modificaciones del decreto ley N§ 445 del 9 de mayo de 1974 y de los decretos leyes N§ 824 y N§ 825 de 1974 y 831 de 1975 
300 |a 63 p 
942 |c BK 
945 |d 20080418 00:00:00  |a rbrito 
260 |a Santiago  |b ICECOOP  |c 1975 
500 |a Donación Padres Capuchinos 
650 0 |a Cooperativas  |9 319869 
650 7 |a LEY DE COOPERATIVAS  |2 CL-VaPUC  |9 528773 
650 7 |a SOCIEDADES COOPERATIVAS  |2 CL-VaPUC  |9 452613 
583 |a last modification  |c 20080418 00:00:00  |k Rodrigo Vera 
490 0 |a Derecho y Legislación Cooperativa 
999 |c 329663  |d 329661 
952 |0 0  |1 0  |4 0  |6 346_066800000000000_INS_1975  |7 0  |8 X  |9 414648  |a FDOBUD  |b FDOBUD  |d 2019-11-22  |i 4408241  |o 346.0668 INS 1975  |p 4408241  |r 2019-11-22  |w 2019-11-22  |y BK_X  |k BUD